Nouveau traite de medicine / (Record no. 131805)
[ view plain ]
| 000 -LEADER | |
|---|---|
| campo de control de longitud fija | 01666nam a2200217 i 4500 |
| 001 - NÚMERO DE CONTROL | |
| campo de control | 131805 |
| 003 - IDENTIFICADOR DE NÚMERO DE CONTROL | |
| campo de control | ES-MaACL |
| 005 - FECHA Y HORA DE LA ÚLTIMA TRANSACCIÓN | |
| campo de control | 20250807062548.0 |
| 007 - CAMPO FIJO DE DESCRIPCIÓN FÍSICA--INFORMACIÓN GENERAL | |
| campo de control de longitud fija | t| |
| 008 - DATOS DE LONGITUD FIJA--INFORMACIÓN GENERAL | |
| campo de control de longitud fija | 070214m19201924fr r ||||1| fre d |
| 245 00 - MENCIÓN DEL TÍTULO | |
| Título | Nouveau traite de medicine / |
| Mención de responsabilidad, etc. | publiée sous la direction de Georges Henri Roger, F. Widal, P. J. Teissier. |
| 260 ## - PUBLICACIÓN, DISTRIBUCIÓN, ETC. | |
| Lugar de publicación, distribución, etc. | Paris : |
| Nombre del editor, distribuidor, etc. | Masson et Cie., |
| Fecha de publicación, distribución, etc. | 1920-24. |
| 300 ## - DESCRIPCIÓN FÍSICA | |
| Extensión | 22 v., 149 lám. : |
| Otras características físicas | il. ; |
| Dimensiones | 25 cm. |
| 505 8# - NOTA DE CONTENIDO CON FORMATO | |
| Nota de contenido con formato | Contiene: Vol. 1-3 Maladies infectieuses. v. 4. Maladies infectieuses et parasitaires -- v. 5. Maladies infectieuses et parasitaires (suite) - Cancer -- v. 6. Intoxications -- v. 7. Avitaminoses - Maladies par agents physiques - Troubles de la nutrition -- v. 8. Pathologie des glandes endocrines - Troubles du développement -- v. 9. Affections du sang et des organes hématopolétiques -- v. 11. Pathologie de l'appareil respiratoire: nez, larynx, trachée, bronches, poumons -- v. 12. Pathologie de l'appareil respiratoire (suite) -- v.13. Appareil digestif: bouche, pharynx, oesophage, estomac -- v. 14. Appareil digestif: intestin -- v. 15. Glandes salivaires - Pancréas et péritoine -- v. 16. Pathologie du foie et des voies biliaires -- v. 17. Pathologie des reins - Hémoglobinurie -- v. 18. Système nerveux:sémiologie générale -- v. 19. Pathologie du cerveau et du cervelet - pathologie du système nerveux -- v. 21. Nerfs, sympathique, névroses --v. 22. Muscles, os et articulations |
| 650 07 - PUNTO DE ACCESO ADICIONAL DE MATERIA--TÉRMINO DE MATERIA | |
| Término de materia o nombre geográfico como elemento de entrada | Medicina |
| Fuente del encabezamiento o término | embne |
| 9 (RLIN) | 14891 |
| 700 1# - ENTRADA AGREGADA--NOMBRE PERSONAL | |
| Nombre de persona | Roger, Georges Henri. |
| 9 (RLIN) | 98929 |
| 700 0# - ENTRADA AGREGADA--NOMBRE PERSONAL | |
| Nombre de persona | Widal, Fernad. |
| 9 (RLIN) | 116744 |
| 700 1# - ENTRADA AGREGADA--NOMBRE PERSONAL | |
| Nombre de persona | Teissier, P. J. |
| 9 (RLIN) | 109532 |
| 852 ## - LOCALIZACIÓN | |
| Ubicación | ES-MaACL |
| Número de control de estantería | C-8652-76 |
| Estatus retirado | Estado de pérdida | Estado de daño | No para préstamo | Biblioteca de origen | Biblioteca actual | Ubicación en estantería | Fecha de adquisición | Fuente de adquisición | Total de préstamos | Signatura topográfica completa | Código de barras | Visto por última vez | Precio de reemplazo | Tipo de ítem Koha |
|---|---|---|---|---|---|---|---|---|---|---|---|---|---|---|
| Biblioteca del Ateneo de Madrid | Biblioteca del Ateneo de Madrid | Sala Palomar | 17/01/2008 | C-8652-76 | 1137217 | 23/02/2023 | 23/02/2023 | Libro impreso |
